| 000 | 00444nam a2200157Ia 4500 | ||
|---|---|---|---|
| 008 | 221229s9999 xx 000 0 und d | ||
| 020 | _a9788122415452 | ||
| 082 | _a604.24 VEN | ||
| 100 |
_aVenugopal, K _914275 |
||
| 245 | 0 | _aEngineering drawing and graphics | |
| 250 | _a5th | ||
| 260 |
_aBangalore _bNew Age International publishing house _c2012 |
||
| 300 |
_a430p. _bRs. 250.00 |
||
| 650 |
_aMechanical Engineering _913026 |
||
| 942 | _cCPL | ||
| 999 |
_c194233 _d194233 |
||